Supplemento a "Camminiamo anche noi in novità di vita" (Record no. 98501)
[ view plain ]
| 000 -LEADER | |
|---|---|
| fixed length control field | 01778nam a22001817a 4500 |
| 003 - CONTROL NUMBER IDENTIFIER | |
| control field | IT-RoPau |
| 005 - DATE AND TIME OF LATEST TRANSACTION | |
| control field | 20220918181105.0 |
| 008 - FIXED-LENGTH DATA ELEMENTS--GENERAL INFORMATION | |
| fixed length control field | 130508b xxu||||| |||| 00| 0 eng d |
| 040 ## - CATALOGING SOURCE | |
| Transcribing agency | IT-RoPau |
| 100 ## - MAIN ENTRY--PERSONAL NAME | |
| Personal name | Centro di Spiritualità Paolina |
| 9 (RLIN) | 518 |
| 245 ## - TITLE STATEMENT | |
| Title | Supplemento a "Camminiamo anche noi in novità di vita" |
| 250 ## - EDITION STATEMENT | |
| Edition statement | 1° ed |
| 260 ## - PUBLICATION, DISTRIBUTION, ETC. (IMPRINT) | |
| Place of publication, distribution, etc. | Ariccia (Roma) |
| Name of publisher, distributor, etc. | Centro di Spiritualità Paolina - Casa Divino Maestro |
| Date of publication, distribution, etc. | 1979 |
| 300 ## - PHYSICAL DESCRIPTION | |
| Extent | 24 pp. |
| Dimensions | 33 cm |
| 490 ## - SERIES STATEMENT | |
| Series statement | "Camminiamo anche noi in novità di vita" |
| Volume/sequential designation | n° 6 aprile 1979 |
| 520 ## - SUMMARY, ETC. | |
| Summary, etc. | Sommario<br/><br/>Presenza dello Spirito Santo nella vita e nelle Lettere di san Paolo<br/>I. (26 maggio, sabato)<br/>"Non Abbiamo ricevuto lo spirito del mondo, ma lo Spirito di Dio, per conoscere tutto ciò che Dio ci ha donato" (1 Corinzi 2,12)<br/>II. (27 maggio, domenica)<br/>"Non spegnete lo Spirito" (1 Tess. 5,19)<br/>III. (28 maggio, lunedì)<br/>"Ci ha salvati mediante un lavacro di rigenerazione e di8 rinnovamento nello Spirito Santo" (Tito 3,5)<br/>"Avete ricevuto il sigilo dello Spirito Santo" (Ef 1,13)<br/>IV. (29 maggio, martedì)<br/>"Che siete figli ne é prova il fatto che Dio ha mandato nei nostri cuori lo spirito del suo Figlio che grida: Abbà, Padre ' quindi non sei più schiavo, ma Figlio" (Gal 4, 6-7)<br/>V. (30 maggio, mercoledì)<br/>"Il frutto dello Spirito é : Amore..." (Gal 5,22)<br/>VI. (31 maggio, giovedì)<br/>"Incorporati nella fabbrica a diventare dimora di Dio per mezzo dello Spirito" (Efes 2,22)<br/>VII. (1 giugno, venerdì)<br/>"Non soltanto con la parola, ma con potenza e con Spirito Santo" (1 Tess 1,5)<br/>VIII. (sabato 2 giugno)<br/>"Potentemente rafforzati dal Suo Spirito nell'uomo interiore" (Efes 3,16)<br/>IX. (3 giugno, domenica di Pentecoste)<br/>"Gli premeva di essere a Gerusalemme per il giorno della Pentecoste" (Atti 20,16) |
| 942 ## - ADDED ENTRY ELEMENTS (KOHA) | |
| Source of classification or shelving scheme | Dewey Decimal Classification |
| Koha item type | RIVISTA |
| Withdrawn status | Lost status | Source of classification or shelving scheme | Damaged status | Not for loan | Home library | Current library | Date acquired | Total Checkouts | Full call number | Barcode | Date last seen | Price effective from | Koha item type |
|---|---|---|---|---|---|---|---|---|---|---|---|---|---|
| Dewey Decimal Classification | Buone Condizioni | Not For Loan | PAULUS-BIBLIOTECA | PAULUS-BIBLIOTECA | 08/05/2013 | P C6 | Sp Fp 15 | 08/05/2013 | 08/05/2013 | RIVISTA |